[Event "GBR-ch72"]
[Site "Edinburgh"]
[Date "1985.08.05"]
[Round "7.23"]
[White "Adams, Michael"]
[Black "Waddingham, Graham A"]
[Result "1/2-1/2"]
[WhiteElo "2360"]
[BlackElo "2264"]
[PlyCount "24"]
[EventDate "1985.07.29"]
[EventType "swiss"]
[EventRounds "11"]
[EventCountry "GBR"]
[SourceTitle "BritBase"]
[Source "John Saunders"]
[SourceDate "2020.09.07"]
[SourceVersion "1"]
[SourceVersionDate "2020.09.07"]
[SourceQuality "2"]

1. e4 e5 2. Nf3 Nc6 3. Bb5 a6 4. Ba4 Nf6 5. O-O Be7 6. Bxc6 dxc6 7. Re1 Nd7 8.
d3 O-O 9. Nbd2 f6 10. Nc4 Nc5 11. b3 Ne6 12. Ne3 Nd4 1/2-1/2

[Event "GBR-ch72"]
[Site "Edinburgh"]
[Date "1985.08.05"]
[Round "7.24"]
[White "Carr, Neil L"]
[Black "Abayasekera, Roger"]
[Result "1/2-1/2"]
[WhiteElo "2315"]
[BlackElo "2200"]
[PlyCount "153"]
[EventDate "1985.07.29"]
[EventType "swiss"]
[EventRounds "11"]
[EventCountry "GBR"]
[SourceTitle "BritBase"]
[Source "John Saunders"]
[SourceDate "2020.09.07"]
[SourceVersion "1"]
[SourceVersionDate "2020.09.07"]
[SourceQuality "2"]

1. e4 c5 2. d4 cxd4 3. c3 d3 4. Bxd3 d6 5. f4 Nc6 6. Nf3 g6 7. O-O Bg7 8. Be3
Nf6 9. h3 O-O 10. Na3 d5 11. e5 Ne4 12. Qc2 Ng3 13. Rfe1 Bf5 14. Bxf5 gxf5 15.
Rad1 e6 16. c4 b6 17. Qa4 Ne7 18. Nb5 Qd7 19. Qa3 Ne4 20. Nd2 Nxd2 21. Rxd2
Rfd8 22. Nc3 Bf8 23. Qb3 dxc4 24. Qxc4 Qc6 25. Qxc6 Nxc6 26. Red1 Be7 27. Nb5
Rxd2 28. Rxd2 Rd8 29. Rxd8+ Bxd8 30. a3 Be7 31. b4 Kf8 32. Kf2 Ke8 33. g4 fxg4
34. hxg4 Kd7 35. Nc3 Nd8 36. Kf3 a5 37. b5 Bxa3 38. Bxb6 Nb7 39. Na4 Bb4 40.
Ke4 Bd2 41. Bd4 Kc7 42. Be3 Bb4 43. f5 Be1 44. Kf4 Bh4 45. Bg1 Kd7 46. f6 Kc7
47. Be3 Kd7 48. Bd4 Kc7 49. Nb2 Be1 50. Na4 Bb4 51. Be3 Bf8 52. Kg5 Kd7 53. Bd2
Kc7 54. Kh5 Kd7 55. Bh6 Bb4 56. Be3 Bf8 57. Nb6+ Kc7 58. Na4 Kd7 59. Kg5 Kc7
60. Kf4 Bb4 61. Ke4 Be1 62. Kd3 Bg3 63. Bd4 Bf4 64. Kc4 Bg3 65. Nb2 Bf4 66. Kb3
Bd2 67. Ka4 Be1 68. Nc4 Kd7 69. Nb2 Bd2 70. Kb3 Kc7 71. Kc4 Bc1 72. Na4 Bf4 73.
Kb3 Kd7 74. Kc4 Kc7 75. Nc5 Nxc5 76. Kxc5 Bc1 77. b6+ 1/2-1/2

[Event "GBR-ch72"]
[Site "Edinburgh"]
[Date "1985.08.05"]
[Round "7.25"]
[White "Buckmire, Ron"]
[Black "Bradbury, Neil H"]
[Result "1/2-1/2"]
[WhiteElo "2200"]
[BlackElo "2335"]
[PlyCount "162"]
[EventDate "1985.07.29"]
[EventType "swiss"]
[EventRounds "11"]
[EventCountry "GBR"]
[SourceTitle "BritBase"]
[Source "John Saunders"]
[SourceDate "2020.09.07"]
[SourceVersion "1"]
[SourceVersionDate "2020.09.07"]
[SourceQuality "2"]

1. d4 e6 2. Nf3 c5 3. g3 d5 4. Bg2 Nc6 5. O-O Nf6 6. c4 Be7 7. cxd5 exd5 8. Nc3
O-O 9. Bg5 cxd4 10. Nxd4 h6 11. Be3 Re8 12. Rc1 Bf8 13. Qa4 Na5 14. Nf3 Bd7 15.
Qd1 Be6 16. Ne5 Nc6 17. Nxc6 bxc6 18. Na4 Qa5 19. a3 Rac8 20. b4 Qa6 21. Bd4
Be7 22. Re1 Ne4 23. e3 Bf5 24. Bb2 Bf8 25. Re2 Ng5 26. h4 Bg4 27. Bf1 Nf3+ 28.
Kh1 Ne5 29. Bxe5 Rxe5 30. Rd2 Bxd1 31. Bxa6 Bf3+ 32. Kg1 Rce8 33. Bb7 g5 34.
Rd4 Be7 35. Rxc6 Re6 36. Rxe6 fxe6 37. Kf1 Kf7 38. Ke1 Rb8 39. Bc6 Rc8 40. b5
Bxa3 41. Kd2 Be7 42. Nc3 Bf6 43. Ra4 Rc7 44. Ne2 gxh4 45. gxh4 Be4 46. Ng3 Bh7
47. Ne2 Ke7 48. Nf4 Be5 49. Nd3 Bd6 50. f3 Bg6 51. Ra6 Bh5 52. Ke2 Bf7 53. e4
dxe4 54. fxe4 Bg3 55. Nc5 Bxh4 56. Nb7 e5 57. Rxa7 Kf6 58. Ra6 Kg5 59. Nd6 Bh5+
60. Ke3 Be1 61. Nc4 Bc3 62. Bd5 Bd4+ 63. Kd3 Be8 64. b6 Bb5 65. bxc7 Bxa6 66.
Be6 Kf4 67. c8=Q Bxc8 68. Bxc8 Bc5 69. Bf5 h5 70. Na5 h4 71. Nc6 Kg3 72. Nxe5
h3 73. Bxh3 Kxh3 74. Kc4 Bf2 75. Kd5 Bg3 76. Ke6 Kg2 77. Kf5 Kf2 78. Nc6 Ke3
79. Ne7 Bh2 80. Nd5+ Kf3 81. Nf6 Bg3 1/2-1/2

[Event "GBR-ch72"]
[Site "Edinburgh"]
[Date "1985.08.05"]
[Round "7.26"]
[White "McDonald, Neil R"]
[Black "Lane, Gary William"]
[Result "1-0"]
[WhiteElo "2216"]
[BlackElo "2330"]
[PlyCount "59"]
[EventDate "1985.07.29"]
[EventType "swiss"]
[EventRounds "11"]
[EventCountry "GBR"]
[SourceTitle "BritBase"]
[Source "John Saunders"]
[SourceDate "2020.09.07"]
[SourceVersion "1"]
[SourceVersionDate "2020.09.07"]
[SourceQuality "2"]

1. Nf3 f5 2. d4 Nf6 3. g3 e6 4. Bg2 Be7 5. O-O O-O 6. c4 d6 7. Nc3 a5 8. b3 c6
9. Bb2 Na6 10. Qc2 Qe8 11. Rad1 Bd7 12. Rfe1 b5 13. e4 b4 14. e5 dxe5 15. dxe5
Ng4 16. Na4 c5 17. Rxd7 Qxd7 18. Nb6 Qa7 19. Nxa8 Rxa8 20. Bc1 Rd8 21. Ng5 Nc7
22. Nxe6 Nxe6 23. Qxf5 Nd4 24. Qxg4 a4 25. Bh6 Bf8 26. e6 Re8 27. Bd5 Kh8 28.
Qh5 Qb8 29. Bf4 Qc8 30. Be4 1-0

[Event "GBR-ch72"]
[Site "Edinburgh"]
[Date "1985.08.05"]
[Round "7.27"]
[White "Upton, Timothy J"]
[Black "Jackson, Oliver A"]
[Result "1/2-1/2"]
[WhiteElo "2305"]
[BlackElo "2230"]
[PlyCount "87"]
[EventDate "1985.07.29"]
[EventType "swiss"]
[EventRounds "11"]
[EventCountry "GBR"]
[SourceTitle "BritBase"]
[Source "John Saunders"]
[SourceDate "2020.09.07"]
[SourceVersion "1"]
[SourceVersionDate "2020.09.07"]
[SourceQuality "2"]

1. e4 c5 2. Nf3 e6 3. d4 cxd4 4. Nxd4 a6 5. Nc3 Qc7 6. Be2 Nf6 7. O-O d6 8. f4
Nbd7 9. Bf3 h5 10. Be3 Nb6 11. Qe1 Nc4 12. Rb1 e5 13. Nf5 g6 14. Nh4 Bh6 15. g3
b5 16. Bc1 Bb7 17. Bg2 exf4 18. gxf4 O-O-O 19. b3 Qc5+ 20. Kh1 Na3 21. Bxa3
Qxa3 22. Nxb5 axb5 23. Qc3+ Kb8 24. Qxf6 Rhe8 25. Qxf7 Rf8 26. Qxg6 Bxf4 27.
Qxh5 Rh8 28. Qg4 Be5 29. Nf3 Rdg8 30. Qd7 Bxe4 31. Qxb5+ Bb7 32. Nxe5 Rxg2 33.
Nc6+ Kc8 34. Kxg2 Qa8 35. Qf5+ Kc7 36. Qf7+ Kb6 37. Rf4 Bxc6+ 38. Kg3 Rg8+ 39.
Rg4 Rf8 40. Qg7 Rf3+ 41. Kh4 Qd8+ 42. Rg5 Rf4+ 43. Kg3 Rf3+ 44. Kh4 1/2-1/2

[Event "GBR-ch72"]
[Site "Edinburgh"]
[Date "1985.08.05"]
[Round "7.28"]
[White "Thomas, Ian L"]
[Black "Morrison, Chris"]
[Result "1-0"]
[WhiteElo "2295"]
[BlackElo "2205"]
[PlyCount "113"]
[EventDate "1985.07.29"]
[EventType "swiss"]
[EventRounds "11"]
[EventCountry "GBR"]
[SourceTitle "BritBase"]
[Source "John Saunders"]
[SourceDate "2020.09.07"]
[SourceVersion "1"]
[SourceVersionDate "2020.09.07"]
[SourceQuality "2"]

1. e4 e5 2. Nf3 Nf6 3. Nc3 d6 4. d4 Nbd7 5. Be2 Be7 6. O-O O-O 7. h3 c6 8. a4
Qc7 9. Be3 d5 10. exd5 e4 11. Nd2 Nxd5 12. Ndxe4 Nxe3 13. fxe3 f5 14. Nd2 Bg5
15. Bc4+ Kh8 16. Qf3 Qd6 17. Bd3 Nf6 18. Nc4 Qe7 19. Rae1 Be6 20. Ne5 Nd5 21.
Nxd5 Bxd5 22. Qh5 Kg8 23. Qe2 Bh4 24. Rd1 g6 25. Bc4 Bg3 26. Bxd5+ cxd5 27. Qf3
Bxe5 28. Qxd5+ Rf7 29. dxe5 Re8 30. e4 Qxe5 31. exf5 gxf5 32. Qxe5 Rxe5 33.
Rfe1 Rc5 34. c3 Rc4 35. Rd4 Rxd4 36. cxd4 Rc7 37. Re5 Rc2 38. b3 Rc3 39. Rb5 b6
40. b4 Rc4 41. d5 Kf7 42. a5 bxa5 43. bxa5 Rc7 44. a6 Kg6 45. Rb7 Rc1+ 46. Kf2
Rd1 47. Rd7 Rd4 48. Ke3 Rd1 49. Kf4 Kf6 50. Rd6+ Ke7 51. Re6+ Kf8 52. Ke5 Rd2
53. Rh6 Rxg2 54. Kxf5 Rf2+ 55. Ke6 Re2+ 56. Kd7 Kf7 57. Kc6 1-0

[Event "GBR-ch72"]
[Site "Edinburgh"]
[Date "1985.08.05"]
[Round "7.29"]
[White "Shovel, Kenneth"]
[Black "Eke, Matthew A"]
[Result "1/2-1/2"]
[WhiteElo "2280"]
[BlackElo "2128"]
[PlyCount "89"]
[EventDate "1985.07.29"]
[EventType "swiss"]
[EventRounds "11"]
[EventCountry "GBR"]
[SourceTitle "BritBase"]
[Source "John Saunders"]
[SourceDate "2020.09.07"]
[SourceVersion "1"]
[SourceVersionDate "2020.09.07"]
[SourceQuality "2"]

1. d4 Nf6 2. c4 e6 3. g3 d5 4. Bg2 Be7 5. Nf3 O-O 6. Qc2 c6 7. O-O Nbd7 8. Rd1
Re8 9. b3 b6 10. Bb2 Bb7 11. Nc3 Rc8 12. e4 dxe4 13. Nxe4 Nxe4 14. Qxe4 Qc7 15.
Qc2 Bf6 16. Rd2 Rcd8 17. Rad1 Qb8 18. h4 h6 19. Nh2 Be7 20. Ng4 h5 21. Ne3 Nf6
22. Qb1 Qc7 23. Bf3 Rd7 24. Bc3 Rc8 25. Qb2 Qd8 26. Ng2 Rcc7 27. Nf4 g6 28. Nd3
c5 29. Bxb7 cxd4 30. Bg2 dxc3 31. Qxc3 Bd6 32. Nb4 Bxb4 33. Qxb4 Rxd2 34. Rxd2
Rd7 35. Rxd7 Qxd7 36. Qe1 Qd4 37. Bf3 e5 38. Qd1 Qxd1+ 39. Bxd1 a5 40. Bc2 Kf8
41. a3 Ke7 42. f3 Nd7 43. Kf2 Nc5 44. Ke3 Kd6 45. f4 1/2-1/2

[Event "GBR-ch72"]
[Site "Edinburgh"]
[Date "1985.08.05"]
[Round "7.30"]
[White "Branford, John W"]
[Black "Wiley, Tom E"]
[Result "0-1"]
[WhiteElo "2255"]
[BlackElo "2225"]
[PlyCount "62"]
[EventDate "1985.07.29"]
[EventType "swiss"]
[EventRounds "11"]
[EventCountry "GBR"]
[SourceTitle "BritBase"]
[Source "John Saunders"]
[SourceDate "2020.09.07"]
[SourceVersion "1"]
[SourceVersionDate "2020.09.07"]
[SourceQuality "2"]

1. e4 e6 2. d4 d5 3. Nc3 Bb4 4. Nge2 dxe4 5. a3 Bxc3+ 6. Nxc3 Nc6 7. Bb5 Nge7
8. Be3 O-O 9. Qd2 f5 10. f3 exf3 11. gxf3 e5 12. d5 f4 13. Bc5 Nd4 14. O-O-O
Nef5 15. Bxf8 Qxf8 16. Qf2 Ne3 17. Rd2 Bf5 18. Bd3 Bxd3 19. Rxd3 Nexc2 20. Ne2
Qc5 21. Kb1 Qxd5 22. Rc1 Qb5 23. Nxd4 Nxd4 24. Qd2 c5 25. Re1 Re8 26. Rg1 g6
27. h4 Qc6 28. h5 Nxf3 29. Rxf3 Qxf3 30. Qc2 Qxh5 31. Qb3+ Kf8 0-1

[Event "GBR-ch72"]
[Site "Edinburgh"]
[Date "1985.08.05"]
[Round "7.31"]
[White "Small, Simon"]
[Black "Gallagher, Joseph G"]
[Result "1-0"]
[WhiteElo "2152"]
[BlackElo "2310"]
[PlyCount "95"]
[EventDate "1985.07.29"]
[EventType "swiss"]
[EventRounds "11"]
[EventCountry "GBR"]
[SourceTitle "BritBase"]
[Source "John Saunders"]
[SourceDate "2020.09.07"]
[SourceVersion "1"]
[SourceVersionDate "2020.09.07"]
[SourceQuality "2"]

1. d4 Nf6 2. Nc3 d5 3. Bg5 Nbd7 4. Nf3 g6 5. e3 Bg7 6. Bd3 O-O 7. O-O c5 8. Re1
Qb6 9. Rb1 Re8 10. Bxf6 Nxf6 11. Na4 Qd6 12. Nxc5 b6 13. Nb3 Bb7 14. Nbd2 Ne4
15. c3 f6 16. Qb3 Kh8 17. Rbd1 Bc6 18. Bb5 Bxb5 19. Qxb5 f5 20. c4 e6 21. Rc1
Rec8 22. cxd5 exd5 23. Nxe4 fxe4 24. Ng5 Kg8 25. Qa6 Qd7 26. a4 Bh6 27. Nh3 Rc6
28. Qb5 Rac8 29. Rc3 a6 30. Qxa6 Rxc3 31. bxc3 Qc6 32. Qb5 Qxb5 33. axb5 Rxc3
34. Rb1 Kf7 35. Kf1 Ke6 36. Ke1 Rc2 37. Kd1 Ra2 38. Rc1 Kf5 39. Rc6 Ra1+ 40.
Ke2 Ra2+ 41. Ke1 Bf8 42. Rxb6 Bb4+ 43. Kd1 g5 44. Rc6 g4 45. Nf4 Rd2+ 46. Kc1
Rxf2 47. Rc2 Rf1+ 48. Kb2 1-0

[Event "GBR-ch72"]
[Site "Edinburgh"]
[Date "1985.08.05"]
[Round "7.32"]
[White "Jackson, Sheila"]
[Black "Lalic, Susan Kathryn"]
[Result "1-0"]
[WhiteElo "2225"]
[BlackElo "2050"]
[PlyCount "100"]
[EventDate "1985.07.29"]
[EventType "swiss"]
[EventRounds "11"]
[EventCountry "GBR"]
[SourceTitle "BritBase"]
[Source "John Saunders"]
[SourceDate "2020.09.07"]
[SourceVersion "1"]
[SourceVersionDate "2020.09.07"]
[SourceQuality "2"]

1. e4 e6 2. d4 d5 3. Nd2 Nf6 4. e5 Nfd7 5. Bd3 c5 6. c3 Nc6 7. Ne2 cxd4 8. cxd4
f6 9. Nf4 Nxd4 10. Qh5+ Ke7 11. exf6+ Nxf6 12. Ng6+ hxg6 13. Qxh8 Kf7 14. Qh4
e5 15. Nf3 Nxf3+ 16. gxf3 Bf5 17. Bxf5 gxf5 18. Bg5 Qa5+ 19. Kf1 Bc5 20. Kg2
Qb4 21. Qxb4 Bxb4 22. Rac1 Bd6 23. Rhd1 Ke6 24. Rc2 f4 25. Re2 Nh5 26. h4 d4
27. Rxd4 Rc8 28. Ra4 a6 29. Bxf4 b5 30. Rae4 Nf6 31. Rd4 Rc5 32. Bg3 Rd5 33.
Rxd5 Kxd5 34. Rd2+ Kc5 35. Kf1 a5 36. Rc2+ Kd4 37. Ke2 a4 38. Rc6 Kd5 39. Rb6
b4 40. Rb7 Kc4 41. Kd2 Ne8 42. Ra7 a3 43. bxa3 bxa3 44. Ra4+ Kd5 45. f4 e4 46.
f5 Bc5 47. Ke2 Nf6 48. f3 exf3+ 49. Kxf3 Nd7 50. Bf4 Bd4 1-0

[Event "GBR-ch72"]
[Site "Edinburgh"]
[Date "1985.08.05"]
[Round "7.33"]
[White "Evans, Raymond G"]
[Black "Singh, Sukh Dave"]
[Result "1-0"]
[WhiteElo "2128"]
[BlackElo "2080"]
[PlyCount "81"]
[EventDate "1985.07.29"]
[EventType "swiss"]
[EventRounds "11"]
[EventCountry "GBR"]
[SourceTitle "BritBase"]
[Source "John Saunders"]
[SourceDate "2020.09.07"]
[SourceVersion "1"]
[SourceVersionDate "2020.09.07"]
[SourceQuality "2"]

1. d4 Nf6 2. c4 c5 3. d5 e6 4. Nc3 exd5 5. cxd5 d6 6. e4 g6 7. Nf3 Bg7 8. Be2
O-O 9. O-O Re8 10. Nd2 Na6 11. f3 Nc7 12. a4 b6 13. Kh1 Rb8 14. Nc4 Ba6 15. Qc2
Bxc4 16. Bxc4 a6 17. Qd3 Nd7 18. Bxa6 Ne5 19. Qe2 Nxa6 20. Qxa6 c4 21. Be3 f5
22. Qb5 Rf8 23. Qb4 f4 24. Bg1 Nd3 25. Qxc4 Nxb2 26. Qb3 Nd3 27. Ra2 Nc5 28.
Qc4 Rc8 29. Ne2 Qh4 30. Qb5 Be5 31. Nd4 g5 32. Nf5 Rxf5 33. exf5 Rf8 34. Qxb6
Nd7 35. Qb3 Nf6 36. Bf2 Qh6 37. h3 Qg7 38. a5 h5 39. a6 g4 40. a7 gxh3 41. gxh3
1-0

[Event "GBR-ch72"]
[Site "Edinburgh"]
[Date "1985.08.05"]
[Round "7.34"]
[White "Vaidya, Arun"]
[Black "Mannion, Stephen R"]
[Result "1-0"]
[WhiteElo "2365"]
[BlackElo "2215"]
[PlyCount "77"]
[EventDate "1985.07.29"]
[EventType "swiss"]
[EventRounds "11"]
[EventCountry "GBR"]
[SourceTitle "BritBase"]
[Source "John Saunders"]
[SourceDate "2020.09.07"]
[SourceVersion "1"]
[SourceVersionDate "2020.09.07"]
[SourceQuality "2"]

1. d4 d5 2. Nf3 Bf5 3. Bf4 e6 4. e3 Bd6 5. Bxd6 cxd6 6. Be2 h6 7. O-O Nf6 8. b3
O-O 9. c4 Ne4 10. Nfd2 Nd7 11. f3 Nxd2 12. Qxd2 Nf6 13. Nc3 Rc8 14. Rac1 a6 15.
Kf2 Qe7 16. cxd5 exd5 17. Na4 g5 18. h3 Be6 19. Rxc8 Rxc8 20. Rc1 Re8 21. Rc3
Nh5 22. Qc1 b5 23. Nb2 f5 24. Rc7 Qf6 25. Qc6 Rd8 26. g4 fxg4 27. hxg4 Ng7 28.
Ke1 Bf7 29. Rc8 Rxc8 30. Qxc8+ Kh7 31. Qxa6 Bg6 32. Qxb5 Qe6 33. Kd2 h5 34.
gxh5 Bxh5 35. a4 Qh3 36. Qxd5 Qg2 37. Nd3 Qh2 38. a5 Bg6 39. Qxg5 1-0

[Event "GBR-ch72"]
[Site "Edinburgh"]
[Date "1985.08.05"]
[Round "7.35"]
[White "Horner, Jeff"]
[Black "Walker, RH.."]
[Result "1-0"]
[WhiteElo "2375"]
[BlackElo "2180"]
[PlyCount "53"]
[EventDate "1985.07.29"]
[EventType "swiss"]
[EventRounds "11"]
[EventCountry "GBR"]
[SourceTitle "BritBase"]
[Source "John Saunders"]
[SourceDate "2020.09.07"]
[SourceVersion "1"]
[SourceVersionDate "2020.09.07"]
[SourceQuality "2"]

1. e4 e6 2. d4 d5 3. Nc3 Bb4 4. e5 c5 5. Bd2 Ne7 6. Nf3 cxd4 7. Nb5 Bxd2+ 8.
Qxd2 O-O 9. Bd3 Nbc6 10. O-O Bd7 11. Rfe1 f6 12. Nbxd4 fxe5 13. Nxc6 Nxc6 14.
Nxe5 Nxe5 15. Rxe5 Qb6 16. c3 Rf6 17. Rae1 Raf8 18. R1e2 Be8 19. c4 d4 20. c5
Qc7 21. f3 Bc6 22. Bc4 Rf4 23. Rxe6 Kh8 24. b4 Qf7 25. R6e4 Qc7 26. Rxf4 Rxf4
27. b5 1-0

[Event "GBR-ch72"]
[Site "Edinburgh"]
[Date "1985.08.05"]
[Round "7.36"]
[White "Gregory, Stephen J"]
[Black "Richardson, Kevin D"]
[Result "0-1"]
[WhiteElo "2152"]
[BlackElo "2112"]
[PlyCount "70"]
[EventDate "1985.07.29"]
[EventType "swiss"]
[EventRounds "11"]
[EventCountry "GBR"]
[SourceTitle "BritBase"]
[Source "John Saunders"]
[SourceDate "2020.09.07"]
[SourceVersion "1"]
[SourceVersionDate "2020.09.07"]
[SourceQuality "2"]

1. e4 c5 2. Nf3 Nc6 3. d3 d5 4. exd5 Qxd5 5. Nc3 Qd8 6. Bf4 Nf6 7. Qd2 e6 8.
Nb5 Nd5 9. c4 Nxf4 10. Qxf4 e5 11. Nxe5 Qe7 12. O-O-O Nxe5 13. Re1 f6 14. Qg3
g5 15. h4 Bg7 16. b4 O-O 17. bxc5 Qxc5 18. hxg5 fxg5 19. d4 Qb4 20. Rxe5 Bxe5
21. Qxg5+ Bg7 22. Bd3 h6 23. Qd5+ Kh8 24. Nd6 Qa3+ 25. Kd2 Qxa2+ 26. Kc1 Qa3+
27. Kd2 Qb2+ 28. Kd1 Qa1+ 29. Ke2 Bg4+ 30. f3 Qxh1 31. fxg4 Qf1+ 32. Kd2 Rf2+
33. Kc3 Qa1+ 34. Kb4 Rb2+ 35. Kc5 Qa3# 0-1

[Event "GBR-ch72"]
[Site "Edinburgh"]
[Date "1985.08.05"]
[Round "7.37"]
[White "Habershon, Paul F"]
[Black "Wallace, D.."]
[Result "0-1"]
[WhiteElo "2112"]
[BlackElo "1965"]
[PlyCount "94"]
[EventDate "1985.07.29"]
[EventType "swiss"]
[EventRounds "11"]
[EventCountry "GBR"]
[SourceTitle "BritBase"]
[Source "John Saunders"]
[SourceDate "2020.09.07"]
[SourceVersion "1"]
[SourceVersionDate "2020.09.07"]
[SourceQuality "2"]

1. e4 c5 2. Nc3 Nc6 3. g3 g6 4. Bg2 Bg7 5. d3 e6 6. Nge2 Nge7 7. O-O O-O 8. Bd2
Rb8 9. Rb1 b5 10. Nf4 a6 11. Nce2 Bb7 12. Be3 d6 13. Kh1 e5 14. Nh3 Nd4 15. f4
f5 16. c3 Ne6 17. Qb3 d5 18. fxe5 c4 19. dxc4 dxc4 20. Qc2 Bxe5 21. Rbd1 Qc7
22. Nef4 Ng7 23. Nd5 Nxd5 24. exd5 Rbd8 25. Qf2 Rd7 26. Nf4 Qd8 27. Bb6 Qa8 28.
Ne6 Nxe6 29. dxe6 Rxd1 30. Rxd1 Bxg2+ 31. Qxg2 Qxg2+ 32. Kxg2 Re8 33. Re1 Bd6
34. Kf3 Kf8 35. h3 Ke7 36. Be3 Be5 37. Bf4 Bxf4 38. Kxf4 Kf6 39. e7 Rxe7 40.
Rxe7 Kxe7 41. Kg5 a5 42. h4 Kf7 43. Kh6 Kg8 44. h5 Kf7 45. Kg5 Kg7 46. g4 h6+
47. Kf4 fxg4 0-1

[Event "GBR-ch72"]
[Site "Edinburgh"]
[Date "1985.08.06"]
[Round "8.3"]
[White "Rogers, Ian"]
[Black "Hodgson, Julian M"]
[Result "1/2-1/2"]
[WhiteElo "2510"]
[BlackElo "2445"]
[PlyCount "88"]
[EventDate "1985.07.29"]
[EventType "swiss"]
[EventRounds "11"]
[EventCountry "GBR"]
[SourceTitle "BritBase"]
[Source "John Saunders"]
[SourceDate "2020.09.07"]
[SourceVersion "1"]
[SourceVersionDate "2020.09.07"]
[SourceQuality "2"]

1. d4 Nf6 2. c4 c5 3. d5 b5 4. Nf3 g6 5. cxb5 a6 6. Nc3 axb5 7. e4 b4 8. Nb5 d6
9. Bf4 Bg7 10. e5 dxe5 11. Bxe5 O-O 12. Bc4 Ba6 13. a4 bxa3 14. Rxa3 Bxb5 15.
Rxa8 Bxc4 16. Rxb8 Qa5+ 17. Bc3 Qa6 18. Rxf8+ Kxf8 19. Nd2 Bd3 20. Qb3 Qa1+ 21.
Qd1 Qa6 22. Qb3 Qa1+ 23. Qd1 Qa8 24. f3 c4 25. b3 Qa7 26. Qa1 Qe3+ 27. Kd1 cxb3
28. Bd4 Qe2+ 29. Kc1 Bh6 30. Qc3 Ne8 31. Be3 Bg7 32. Bh6 Bc2 33. Bxg7+ Nxg7 34.
Kb2 Bd1 35. g4 h6 36. Kc1 Bc2 37. Nxb3 Bxb3 38. Qxb3 Qe5 39. Kb1 Kg8 40. h4 h5
41. Qd3 hxg4 42. fxg4 Qb8+ 43. Kc2 Qc8+ 44. Kb3 Qxg4 1/2-1/2

[Event "GBR-ch72"]
[Site "Edinburgh"]
[Date "1985.08.06"]
[Round "8.4"]
[White "Flear, Glenn C"]
[Black "King, Daniel J"]
[Result "1-0"]
[WhiteElo "2475"]
[BlackElo "2435"]
[PlyCount "39"]
[EventDate "1985.07.29"]
[EventType "swiss"]
[EventRounds "11"]
[EventCountry "GBR"]
[SourceTitle "BritBase"]
[Source "John Saunders"]
[SourceDate "2020.09.07"]
[SourceVersion "1"]
[SourceVersionDate "2020.09.07"]
[SourceQuality "2"]

1. d4 Nf6 2. c4 e6 3. Nf3 c5 4. d5 exd5 5. cxd5 d6 6. Nc3 g6 7. Bf4 a6 8. e4 b5
9. Qe2 Be7 10. e5 Nh5 11. Bh6 dxe5 12. O-O-O f6 13. Nxe5 fxe5 14. Qxe5 Kf7 15.
d6 Bf6 16. Qd5+ Be6 17. Qxa8 Qa5 18. Qf3 b4 19. Bc4 Bxc4 20. Qb7+ 1-0

[Event "GBR-ch72"]
[Site "Edinburgh"]
[Date "1985.08.06"]
[Round "8.5"]
[White "Basman, Michael John"]
[Black "Hebden, Mark L"]
[Result "1/2-1/2"]
[WhiteElo "2400"]
[BlackElo "2455"]
[PlyCount "97"]
[EventDate "1985.07.29"]
[EventType "swiss"]
[EventRounds "11"]
[EventCountry "GBR"]
[SourceTitle "BritBase"]
[Source "John Saunders"]
[SourceDate "2020.09.07"]
[SourceVersion "1"]
[SourceVersionDate "2020.09.07"]
[SourceQuality "2"]

1. e4 e5 2. Nf3 Nc6 3. Be2 Nf6 4. d4 exd4 5. e5 Ne4 6. O-O d5 7. Nxd4 Nxd4 8.
Qxd4 Bc5 9. Qd3 O-O 10. Nc3 Nxc3 11. Qxc3 Qe7 12. Bf4 Bf5 13. Qg3 Rfe8 14. Rfe1
Qe6 15. Rad1 c6 16. h4 Bxc2 17. Rc1 Bb4 18. Rf1 Qg6 19. Bg5 h6 20. Rxc2 hxg5
21. Bd3 gxh4 22. Qh3 Qh6 23. f4 c5 24. b3 Rad8 25. Kh1 a6 26. a4 Re7 27. Re2
Bc3 28. Qg4 b5 29. axb5 axb5 30. Bxb5 Rb7 31. Ba4 Re7 32. Rf3 Bd4 33. Rh3 f5
34. Qf3 g5 35. g4 Rg7 36. e6 Bf6 37. fxg5 Qxg5 38. Qxf5 Be7 39. Qxg5 Bxg5 40.
Rf3 Be7 41. Ref2 Rf8 42. Rxf8+ Bxf8 43. Kh2 Rxg4 44. Kh3 Re4 45. Bc6 Re5 46.
Kxh4 Be7+ 47. Kg4 Rg5+ 48. Kf4 Kg7 49. Rd2 1/2-1/2

[Event "GBR-ch72"]
[Site "Edinburgh"]
[Date "1985.08.06"]
[Round "8.6"]
[White "Ravikumar, Vaidyanathan"]
[Black "Chandler, Murray G"]
[Result "0-1"]
[WhiteElo "2370"]
[BlackElo "2525"]
[PlyCount "68"]
[EventDate "1985.07.29"]
[EventType "swiss"]
[EventRounds "11"]
[EventCountry "GBR"]
[SourceTitle "BritBase"]
[Source "John Saunders"]
[SourceDate "2020.09.07"]
[SourceVersion "1"]
[SourceVersionDate "2020.09.07"]
[SourceQuality "2"]

1. e4 c5 2. Nf3 d6 3. d4 Nf6 4. Nc3 cxd4 5. Nxd4 a6 6. Be2 e5 7. Nb3 Be7 8. O-O
O-O 9. Be3 Be6 10. a4 Nc6 11. Qd2 Rc8 12. Rfd1 Nb4 13. Bf3 Bg4 14. Bxg4 Nxg4
15. Ba7 Ra8 16. h3 Rxa7 17. hxg4 Qc8 18. Qe2 b6 19. Nc1 g6 20. Ra3 Nc6 21. Nd5
Nd4 22. Qd3 Qxg4 23. c3 Ne6 24. f3 Qh4 25. Ne2 Bd8 26. b4 Kh8 27. Qe3 f5 28. a5
fxe4 29. fxe4 Bg5 30. Qxb6 Raf7 31. c4 Qxe4 32. Ng3 Qc2 33. Rf1 Rxf1+ 34. Nxf1
Qxc4 0-1

[Event "GBR-ch72"]
[Site "Edinburgh"]
[Date "1985.08.06"]
[Round "8.7"]
[White "Watson, William N"]
[Black "Bryson, Douglas"]
[Result "1/2-1/2"]
[WhiteElo "2435"]
[BlackElo "2275"]
[PlyCount "49"]
[EventDate "1985.07.29"]
[EventType "swiss"]
[EventRounds "11"]
[EventCountry "GBR"]
[SourceTitle "BritBase"]
[Source "John Saunders"]
[SourceDate "2020.09.07"]
[SourceVersion "1"]
[SourceVersionDate "2020.09.07"]
[SourceQuality "2"]

1. e4 e5 2. Nf3 Nc6 3. Bb5 a6 4. Ba4 Nf6 5. O-O Be7 6. Re1 b5 7. Bb3 O-O 8. a4
Bb7 9. d3 d6 10. Nc3 Na5 11. Ba2 b4 12. Ne2 c5 13. Ng3 Rb8 14. Nd2 Bc8 15. Nc4
Nc6 16. c3 Be6 17. Bd2 Rb7 18. h3 Rd7 19. Nf5 Ne8 20. Nxe7+ Rxe7 21. Ne3 Rd7
22. Nd5 a5 23. f4 exf4 24. Bxf4 Nc7 25. Nb6 1/2-1/2

[Event "GBR-ch72"]
[Site "Edinburgh"]
[Date "1985.08.06"]
[Round "8.8"]
[White "Hartston, William Roland"]
[Black "Wells, Peter K"]
[Result "1-0"]
[WhiteElo "2430"]
[BlackElo "2365"]
[PlyCount "75"]
[EventDate "1985.07.29"]
[EventType "swiss"]
[EventRounds "11"]
[EventCountry "GBR"]
[SourceTitle "BritBase"]
[Source "John Saunders"]
[SourceDate "2020.09.07"]
[SourceVersion "1"]
[SourceVersionDate "2020.09.07"]
[SourceQuality "2"]

1. d4 Nf6 2. c4 e6 3. Nf3 Bb4+ 4. Nbd2 c5 5. e3 a5 6. Bd3 O-O 7. O-O cxd4 8.
exd4 b6 9. Ne4 Be7 10. Nfg5 g6 11. d5 Nxe4 12. Nxe4 f5 13. Nc3 Na6 14. Bf4 Nc5
15. Re1 Ba6 16. Bf1 Rc8 17. a3 Bf6 18. Rc1 Ne4 19. Nxe4 fxe4 20. Rc2 Bb7 21.
dxe6 dxe6 22. Rd2 Qe8 23. Be3 Bd8 24. b4 axb4 25. axb4 Bc7 26. g3 Qf7 27. Bh3
Rcd8 28. Rxd8 Rxd8 29. Qg4 Re8 30. Rd1 Be5 31. Bg2 Qc7 32. h4 Bg7 33. h5 gxh5
34. Qxh5 Rd8 35. Rxd8+ Qxd8 36. Qg4 Qf6 37. Bxb6 Qa1+ 38. Kh2 1-0